000 01777nam a22002297a 4500
003 CUTN
005 20250531105942.0
008 250531b |||||||| |||| 00| 0 eng d
020 _a9789390063192
041 _aEnglish
082 _223
_a940
_bTAY
100 _aTaylor, Isaac
245 _aThe Origin of the Aryans:
_bAn Account of the Prehistoric Ethnology and Civilization of Europe /
_cIsaac Taylor
260 _aChennai :
_bMaven Books,
_c2020.
300 _a339 p. :
_bIll. ;
_c22 cm
520 _aThe Origin of the Aryans is a book written by Isaac Taylor that provides an account of the prehistoric ethnology and civilization of Europe. The book delves into the origins of the Aryan race and their migration patterns throughout history. Taylor explores the cultural and linguistic similarities among different Aryan groups and how they influenced the development of European civilization. He also discusses the impact of the Aryan invasion on the indigenous people of India and how it shaped the country's culture and society. Overall, ""The Origin of the Aryans"" is a comprehensive and insightful examination of the historical and cultural roots of one of the most influential groups in human history.This scarce antiquarian book is a facsimile reprint of the old original and may contain some imperfections such as library marks and notations. Because we believe this work is culturally important, we have made it available as part of our commitment for protecting, preserving, and promoting the world's literature in affordable, high quality, modern editions, that are true to their original work.
650 _aEurope - History
650 _aOrigin of Aryans
650 _a Civilization of Europe
650 _aPrehistoric Ethnology
942 _2ddc
_cBOOKS
999 _c44512
_d44512